<?xml version="1.0" encoding="UTF-8"?><?xml-stylesheet type="text/xsl" href="static/style.xsl"?><OAI-PMH xmlns="http://www.openarchives.org/OAI/2.0/" xmlns:xsi="http://www.w3.org/2001/XMLSchema-instance" xsi:schemaLocation="http://www.openarchives.org/OAI/2.0/ http://www.openarchives.org/OAI/2.0/OAI-PMH.xsd"><responseDate>2026-04-14T16:00:30Z</responseDate><request verb="GetRecord" identifier="oai:uvadoc.uva.es:10324/56502" metadataPrefix="marc">https://uvadoc.uva.es/oai/request</request><GetRecord><record><header><identifier>oai:uvadoc.uva.es:10324/56502</identifier><datestamp>2022-10-25T19:00:53Z</datestamp><setSpec>com_10324_1689</setSpec><setSpec>com_10324_954</setSpec><setSpec>com_10324_894</setSpec><setSpec>col_10324_1690</setSpec></header><metadata><record xmlns="http://www.loc.gov/MARC21/slim" xmlns:doc="http://www.lyncode.com/xoai" xmlns:xsi="http://www.w3.org/2001/XMLSchema-instance" xmlns:dcterms="http://purl.org/dc/terms/" xsi:schemaLocation="http://www.loc.gov/MARC21/slim http://www.loc.gov/standards/marcxml/schema/MARC21slim.xsd">
<leader>00925njm 22002777a 4500</leader>
<datafield tag="042" ind1=" " ind2=" ">
<subfield code="a">dc</subfield>
</datafield>
<datafield tag="720" ind1=" " ind2=" ">
<subfield code="a">Navarro Hevia, Joaquín</subfield>
<subfield code="e">author</subfield>
</datafield>
<datafield tag="720" ind1=" " ind2=" ">
<subfield code="a">Ugalde Díaz, Maite</subfield>
<subfield code="e">author</subfield>
</datafield>
<datafield tag="260" ind1=" " ind2=" ">
<subfield code="c">1995</subfield>
</datafield>
<datafield tag="520" ind1=" " ind2=" ">
<subfield code="a">La construcción o remodelación de las obras de infraestructura produce diversas alteraciones en el medio natural entre las que destacan la destrucción de la vegetación preexistente y la modificación y fragmentación del terreno y el paisaje. [Texto extraído del artículo de Joaquín Navarro Hevia].</subfield>
</datafield>
<datafield tag="024" ind2=" " ind1="8">
<subfield code="a">Revista Montes, 1995, Nº. 42, págs. 5-10</subfield>
</datafield>
<datafield tag="024" ind2=" " ind1="8">
<subfield code="a">0027-0105</subfield>
</datafield>
<datafield tag="024" ind2=" " ind1="8">
<subfield code="a">https://uvadoc.uva.es/handle/10324/56502</subfield>
</datafield>
<datafield tag="024" ind2=" " ind1="8">
<subfield code="a">5</subfield>
</datafield>
<datafield tag="024" ind2=" " ind1="8">
<subfield code="a">42</subfield>
</datafield>
<datafield tag="024" ind2=" " ind1="8">
<subfield code="a">10</subfield>
</datafield>
<datafield tag="024" ind2=" " ind1="8">
<subfield code="a">Revista Montes</subfield>
</datafield>
<datafield ind1=" " ind2=" " tag="653">
<subfield code="a">Carreteras</subfield>
</datafield>
<datafield ind1=" " ind2=" " tag="653">
<subfield code="a">Ecología vegetal</subfield>
</datafield>
<datafield ind1=" " ind2=" " tag="653">
<subfield code="a">Repoblación forestal</subfield>
</datafield>
<datafield ind1=" " ind2=" " tag="653">
<subfield code="a">Impacto ambiental</subfield>
</datafield>
<datafield ind1=" " ind2=" " tag="653">
<subfield code="a">Carreteras - Aspecto del medio ambiente</subfield>
</datafield>
<datafield tag="245" ind1="0" ind2="0">
<subfield code="a">La restauración de la cubierta vegetal en el entorno de las carreteras</subfield>
</datafield>
</record></metadata></record></GetRecord></OAI-PMH>